zpět

Detail výsledku týmu

Separé - Nové Město, Praha

Datum a čas kvízu

40.5 Celkem bodů Celkový počet nahraných bodů na tomto kvízu bez doplňovacích otázek.
1. Pořadí na kvízu Konečné umístění týmu na tomto kvízu.

Zaznamenané odpovědi

# Otázka Odpověď Body Výsledky
1. Nejsledovanějším, nejprestižně... Jedlovou 1
2. K oslavám Díkůvzdání, které pr... milost (život) 1
3. Agentura AP minulý týden zveře... rapu 1
4. Která automobilka představila... Škoda Auto 1
5. V pondělní dohrávce 12. kola P... inzultoval spoluhráče (udeřil jej/vlepil mu facku) 0
6. Seřaďte tyto ostrovy dle rozlo... 1D 2B 3A 4C 1
7. Nyní přiřaďte ostrovy ke států... 1B 2A 3C 4D 1
8. Kterému ostrovnímu středomořsk... Malta 1
9. Nyní si odskočíme ke kinematog... Řek Zorba, Anthony Quinn 1
10. Ke kterému středomořskému ostr... Elba 1